Quizzes
Events
Quiz Creation
Community
Videos
Private Events
Remove Ads
Sign In
Join for FREE
Feedback
Dark Mode
Quiz Categories
Sports
Geography
Music
Movies
Television
Just For Fun
Miscellaneous
History
Literature
Language
Science
Gaming
Entertainment
Religion
Holiday
For Kids
Quiz Lab
Recent
Popular Today
Quiz Kudos Today
Editor Picks
Curator Picks
Quizzes by...
Day
Popularity
Type
Ratings
Length
Year
Community
Subscriptions
Recent Discussions
Orange Saloon
Badges
Playlists
Quests
Create
Leaderboards
Showdown
Live 5
Trivia Bingo
Activity
Puzzle Library
Sporcle Events
Private Events
Virtual Trivia
Globe League
Become a Host
Pub Owners
SporcleCon
Opinionation
Our Games
Videos
Blog
Mobile Apps
Partnerships
Remove Ads and Go Orange
Feedback
Television
TV Characters
TV Show
Sitcom
Network
Friends
Reality Shows
Cast
South Park
Star Trek
The Simpsons
Doctor Who
Television
TV Characters
TV Show
Sitcom
Network
Friends
Reality Shows
Cast
South Park
Star Trek
The Simpsons
Doctor Who
Random Quiz
Search Sporcle
×
Quiz Lab
Quiz Lab
Television
Show
Type in answers that appear in a list
Type in answers that appear in a list
Classic
Best Score? Go Orange.
All 4 yugioh shows Stats
Can you name the Yugioh Show The terms come from by answering either Original GX 5ds Or Zexal?
By
chet3535
10m
60 Questions
1,516 Plays
1,516 Plays
1,516 Plays
Comments
Comments
Give Quiz Kudos
Give Quiz Kudos
-
- Ratings
hide this ad
Forced Order
Answers have to be entered in order
Answers have to be entered in order
Random Order
Randomize order of answers
Randomize order of answers
Replay
Link that replays current quiz
Next Quiz
Link to next quiz in quiz playlist
You Got
0%
They Got
Avg Score
87%
Avg Friend Score
Upgrade to see
Score Distribution
Jump to the score distribution portion of the page
Score
0/60
Timer
10:00
0
Plays Today
Term
Show
% Correct
Gogogo/
Gagaga
Zexal
89.4%
Neo Spacians
GX
89.2%
Elemental Hero
GX
89.2%
Synchro Summoning
5ds
89.2%
XYZ Summoning
Zexal
89.1%
Turbo Dueling
5ds
89.1%
Duel Academy
GX
89.1%
Yubel
GX
88.9%
Signers and Dark Signers
5ds
88.8%
Supreme King
GX
88.8%
World Racing Grand Prix
5ds
88.7%
'Get Your Game On'
GX
88.7%
Sacred Beasts
GX
88.5%
Shadow Riders
GX
88.5%
The Crimson Dragon
5ds
88.3%
Fortune Cup
5ds
88.3%
Society of Light
GX
88.3%
Crystal Beasts
GX
88.3%
Blackwing
5ds
88.3%
Spirit Keys
GX
88.3%
Vehicroid
GX
88.2%
Nordic Gods
5ds
88%
Heartland City
Zexal
88%
Sector Security
5ds
87.9%
Being sent to 'the stars'
GX
87.9%
Number Cards
Zexal
87.9%
Duel Ghouls
GX
87.8%
Millenium Items
Original
87.7%
Egyptian Gods
Original
87.6%
Light of Destruction
GX
87.6%
Term
Show
% Correct
Vetrix Family
Zexal
87.5%
Photon
Zexal
87.4%
D-
Gazer
Zexal
87.3%
The Facility
5ds
87.3%
The Arcadia Movement
5ds
87.3%
The Heart of The Cards
Original
87.3%
Earthbound Immortal
5ds
87.2%
KaibaCorp
Original
87.2%
Meklord Emperors
5ds
87.1%
Dungeon Dice Monsters
Original
87.1%
Darkness Deck
GX
87.1%
The Spirit World
5ds
87%
The Shadow Realm
Original
87%
Roku and The Duel Sactuary
Zexal
87%
Lv. Monsters
GX
86.9%
The Netherworld
5ds
86.9%
Barian World
Zexal
86.9%
Battle City
Original
86.7%
The Virtual World
Original
86.7%
Yliaster
5ds
86.5%
Arc Cradle/
Divine Temple
5ds
86.5%
The Big 5
Original
86.5%
Rare Hunters
Original
86.5%
Bio Bands
GX
86.4%
Nazca Lines
5ds
86.3%
Oricalchos
Original
86.3%
Zorc
Original
86.3%
The Great Leviathan
Original
85.9%
Capsule Monsters
Original
85.8%
Timaeus Critias and Hermos
Original
85.5%
Quiz Playlist
Details
Report
Send in Message
Add To Playlist
Classic:
Type in answers that appear in a list
Forced Order:
Answers have to be entered in order
Random Order:
Randomize order of answers
Last Updated: May 16, 2017
Quiz Scoreboard
CHALLENGE
Sign Up to Join the Scoreboard
Show All
Scores
Hide
Comments
May contain spoilers
Recently Published
One Thing in Common: World Cities II
by knightlancer
Geography
7m
Popular People in 1961
by mucciniale
History
6m
1-10 Letter E Words III
by El_Dandy
Language
2m
More to Explore
Quiz From the Vault
Featured Blog Post
Where Did the Easter Bunny Come From?
hide this ad
You Might Also Like...
Tags
Show Quiz
Answering
Either
original
Term
Yu-Gi-Oh
Today's Top Quizzes in Television
Browse Television
hide this ad
Today's Top Quizzes in Show
Browse Show
Top Contributed Quizzes in Television
1
One Piece Logic Puzzle
2
Survivor Logic Puzzle: Heroes vs. Villains
3
Survivor Seasons
4
Survivor Season by Logo
5
Ultimate Survivor Logic Puzzle
6
Survivor Logic Puzzle: Winners at War
7
Survivor Trivia
8
Survivor Heroes vs. Villains Logic Puzzle
9
All US Survivor Seasons in Order
10
Emmerdale Characters (from August 2012)
Explore More
Trending Topics
Crossword
Disney
Anime
Harry Potter
NBA
Marvel
Kpop
NFL
Song
WWE
The Office
Pokémon
Country
Puzzle
Soccer
hide this ad
More By:
chet3535
Quiz
Plays
Rating
Category
Featured
Created
All 4 yugioh shows
1,516
3.60
Television
Mar 19, 2013
Yugioh Signature Card
941
3.00
Television
Feb 11, 2013
Yugioh Zexal Characters
667
3.33
Television
Oct 23, 2012
Go to Creator's Profile
Score Distribution
Quiz Creator Spotlight
chet3535
Follow
Send a Message
Quizzes Created
-
Created Quiz Play Count
-
More By This Creator
Popular Quizzes Today
1
Find the US States - No Outlines Minefield
2
The Countries of the World
3
Popular People in 1961
4
Find the Countries of Europe - No Outlines Minefield
5
1-10 Letter E Words III
6
Find the US States
7
One Thing in Common: World Cities II
8
US States
More Television Quizzes
10's Emmy Nominated Lead Actor in a Comedy Series
Quiz Lab
Trending Quizzes
1-10 Letter F Words
1-10 Letter G Words
Risky Map Clicking: Next State Alphabetically
1-10 Letter F Words II
Risky Map Clicking: States by Unique Starting Letters
Recently Updated
Leaping Animals
pecheneg
Reality TV Shows (A-Z)
bhenderson79
Rickey Henderson's Hall of Fame Teammates
pecheneg
Champions League XIs: Arsenal
pecheneg
Quick Pick: Celebrities in WWE's Hall of Fame
aduchscher
A-Z Keypad Blitz II
pecheneg
Multiple Oscar Actors
pecheneg
Mystery Phrase Blitz: Oscar 'Best Actors'
pecheneg
F. Scott Fitzgerald Novels
LTH
Pick 3 Villains
ddd62291
Trending Topics
Harry Potter
Anime
Marvel
Kpop
Crossword
Disney
NBA
WWE
NFL
The Office
Country
Soccer
Song
Pokémon
Puzzle
Your Account Isn't Verified!
In order to create a playlist on Sporcle, you need to verify the email address you used during registration. Go to your
Sporcle Settings
to finish the process.
Report this User
Report this user for behavior that violates our
Community Guidelines
.
Details:
Send Report
Go to the Sporcle.com Mobile Site →
Comments